000 00943nam a2200313Ia 4500
003 GCL
008 140319s9999 xx 000 0 ara d
040 _aGCL /
_cGCL
082 0 4 _a530.41
_bك م
100 1 _aمحمود مختار
245 1 0 _aالمبادى الاساسية فى فيزيقا الجوامد /
_cمحمود مختار
700 1 _aكيتل شارلز
700 1 _aيوسن لينويوسف
700 1 _aمحمد شحاته فرح
260 _a[S.N] :
_bمكتبة النهضة المصرية
300 _a529 ص
490 _a
650 0 4 _aالديناميكا
650 0 4 _aالحرارة
650 0 4 _aالفيزياء
650 0 4 _aالمغناطيسية
650 0 4 _aالاستاتيكا
650 0 4 _aالميكانيكا
650 0 4 _aالاحتكار
650 0 4 _aالحركة
650 0 4 _aالاحتكاك
650 0 4 _aفيزياء الاجسام الصلبة
942 _2ddc
_cBK
999 _c32696
_d32696